[Event "TCh-POL Ekstraliga 2018"]
[Site "Poland POL"]
[Date "2018.06.08"]
[Round "1.4"]
[Board "6"]
[White "Szczepkowska, Karina"]
[Black "Kulon, Klaudia"]
[Result "1/2-1/2"]
[WhiteTitle "IM"]
[BlackTitle "WGM"]
[WhiteElo "2412"]
[BlackElo "2356"]
[WhiteTeam "KSz Stilon Gorzow Wlkp."]
[BlackTeam "LKS Wrzos Miedzyborow"]
[WhiteFideId "1122681"]
[BlackFideId "1131044"]
[EventDate "2018.06.08"]

1. d4 Nf6 2. c4 g6 3. Nc3 Bg7 4. e4 O-O 5. f3 d6 6. Be3 c5 7. dxc5 dxc5 8. Qxd8
Rxd8 9. Bxc5 Nc6 10. Ba3 a5 11. Rd1 Be6 12. Nd5 Bxd5 13. cxd5 Nb4 14. Bb5 Nc2+
15. Kf2 Nxa3 16. bxa3 Rac8 17. Ne2 Rc2 18. Ra1 Nd7 19. Rhc1 Rb2 20. Bxd7 Rxd7
21. Rc8+ Bf8 22. Ke3 e6 23. dxe6 fxe6 24. Nf4 Re7 25. h4 Kf7 26. g4 Rh2 27. Rb8
Bg7 28. Rb1 Rxa2 29. Nd3 Rxa3 30. R8xb7 a4 31. Rxe7+ Kxe7 32. Rb7+ Kf8 33. Rb8+
Kf7 34. Rb7+ Kg8 35. Rb8+ Kf7 36. Ra8 1/2-1/2

[Event "TCh-POL Ekstraliga 2018"]
[Site "Poland POL"]
[Date "2018.06.08"]
[Round "1.5"]
[Board "1"]
[White "Kuzmicz, Krystian"]
[Black "Klekowski, Maciej"]
[Result "0-1"]
[WhiteTitle "IM"]
[BlackTitle "IM"]
[WhiteElo "2460"]
[BlackElo "2509"]
[WhiteTeam "Bialy Krol Wisznia Mala"]
[BlackTeam "TS Wisla Krakow"]
[WhiteFideId "1119125"]
[BlackFideId "1132717"]
[EventDate "2018.06.08"]

1. b3 c5 2. Bb2 Nc6 3. e3 Nf6 4. Nf3 g6 5. c4 Bg7 6. Be2 O-O 7. Nc3 e5 8. O-O d5
9. cxd5 Nxd5 10. Rc1 Nde7 11. Qc2 Bf5 12. Ne4 Rc8 13. d3 b6 14. Qb1 Nd5 15. Rfd1
Qe7 16. Ng3 Bd7 17. Qa1 h6 18. Re1 f5 19. Bf1 Rce8 20. e4 Nf4 21. exf5 gxf5 22.
d4 cxd4 23. Nxd4 Nb4 24. Rcd1 e4 25. Bc4+ Kh7 26. a3 Bxd4 27. axb4 Bxb2 28. Qxb2
b5 29. Qd2 bxc4 30. Qxd7 cxb3 31. Qa4 Nd3 32. Rxd3 exd3 33. Rxe7+ Rxe7 34. Nf1
b2 35. Qd1 d2 36. Nxd2 Rc8 37. Nf1 Rc1 38. Qd8 Rxf1+ 0-1

[Event "TCh-POL Ekstraliga 2018"]
[Site "Poland POL"]
[Date "2018.06.08"]
[Round "1.5"]
[Board "2"]
[White "Matuszewski, Michal"]
[Black "Brodowski, Piotr"]
[Result "1-0"]
[WhiteTitle "IM"]
[BlackTitle "IM"]
[WhiteElo "2505"]
[BlackElo "2437"]
[WhiteTeam "TS Wisla Krakow"]
[BlackTeam "Bialy Krol Wisznia Mala"]
[WhiteFideId "1129775"]
[BlackFideId "1124480"]
[EventDate "2018.06.08"]

1. d4 Nf6 2. Bg5 c5 3. dxc5 Na6 4. Bxf6 gxf6 5. e4 Nxc5 6. Nc3 Bg7 7. Nge2 d6 8.
Ng3 f5 9. exf5 h5 10. Be2 Qa5 11. O-O h4 12. Nh5 Bxc3 13. bxc3 Qxc3 14. f6 Be6
15. Bb5+ Bd7 16. Re1 Bxb5 17. Qxd6 O-O 18. fxe7 Rfe8 19. Rab1 Ne6 20. Rxe6 fxe6
21. Qxe6+ Kh7 22. Qf7+ Kh6 23. Nf6 Qxc2 24. Ng4+ 1-0

[Event "TCh-POL Ekstraliga 2018"]
[Site "Poland POL"]
[Date "2018.06.08"]
[Round "1.5"]
[Board "3"]
[White "Butkiewicz, Lukasz"]
[Black "Tomczak, Mikolaj"]
[Result "1/2-1/2"]
[WhiteTitle "IM"]
[BlackTitle "FM"]
[WhiteElo "2449"]
[BlackElo "2418"]
[WhiteTeam "Bialy Krol Wisznia Mala"]
[BlackTeam "TS Wisla Krakow"]
[WhiteFideId "1122428"]
[BlackFideId "1175114"]
[EventDate "2018.06.08"]

1. d4 d5 2. c4 e6 3. Nc3 Bb4 4. Nf3 Nf6 5. Qa4+ Nc6 6. Bg5 h6 7. Bxf6 Qxf6 8. e3
O-O 9. Rc1 Rd8 10. a3 Bf8 11. Be2 Ne7 12. O-O c6 13. Qc2 b6 14. e4 dxe4 15. Nxe4
Qf4 16. c5 bxc5 17. dxc5 Nd5 18. g3 Qc7 19. Nfd2 g6 20. Rfd1 a5 21. Nc4 Bg7 22.
Bd3 Rb8 23. Ned6 Ba6 24. b3 Qa7 25. Bxg6 fxg6 26. Qxg6 Bxc4 27. Qxe6+ Kh7 28.
bxc4 Nf6 29. Qf5+ Kg8 30. Qg6 h5 31. Re1 Rd7 32. Re5 Re7 33. Rg5 Rf8 34. Nf5 Rd7
35. Re1 a4 36. Kg2 Qc7 37. Re6 Kh8 38. Rd6 Rdf7 39. h3 Nh7 40. Rxh5 Be5 41. Re6
Rf6 42. Rxf6 Bxf6 43. Nd6 Qg7 44. Qe4 Qd7 45. Rh6 Qg7 46. Rg6 Qd7 47. h4 Qe7 48.
Qd3 Qd7 49. Rh6 Qg7 50. Rh5 Kg8 51. Nf5 Qc7 52. Qd6 Qxd6 53. cxd6 Ra8 54. Ne7+
Bxe7 55. dxe7 Nf6 56. Rc5 Kf7 57. Rxc6 Kxe7 58. Kf3 Rb8 1/2-1/2

[Event "TCh-POL Ekstraliga 2018"]
[Site "Poland POL"]
[Date "2018.06.08"]
[Round "1.5"]
[Board "4"]
[White "Druska, Juraj"]
[Black "Skawinski, Arkadiusz"]
[Result "1/2-1/2"]
[WhiteTitle "IM"]
[BlackTitle "FM"]
[WhiteElo "2439"]
[BlackElo "2425"]
[WhiteTeam "TS Wisla Krakow"]
[BlackTeam "Bialy Krol Wisznia Mala"]
[WhiteFideId "14915650"]
[BlackFideId "1126415"]
[EventDate "2018.06.08"]

1. e4 e5 2. Nf3 Nc6 3. Bb5 a6 4. Ba4 Nf6 5. O-O Be7 6. Bxc6 dxc6 7. d3 Nd7 8.
Nc3 O-O 9. Kh1 f6 10. Ng1 Nc5 11. Be3 Ne6 12. Nge2 Rf7 13. Qd2 c5 14. b3 b5 15.
f4 exf4 16. Nxf4 Nxf4 17. Bxf4 f5 18. a4 Bb7 19. axb5 axb5 20. Rxa8 Bxa8 21. Re1
b4 22. Nd5 Bxd5 23. exd5 g5 24. Be5 Qxd5 25. Bxc7 Bf6 26. Re8+ Kg7 27. Be5 f4
28. Qe2 h6 29. h4 Kg6 30. Bxf6 Rxf6 31. hxg5 hxg5 32. Qf3 Qxf3 33. gxf3 Rf5 34.
Kg2 Kf7 35. Re4 Kg6 36. Kh3 Kh5 37. Re8 Rd5 38. Rh8+ Kg6 39. Kg4 Kf6 40. Re8 Kf7
41. Rc8 Re5 42. Rc6 Ke7 43. d4 cxd4 44. Rc4 Kf6 45. Rxb4 Re2 46. Rb6+ Ke5 47.
Rb5+ Kf6 48. Rf5+ Ke6 49. Rxg5 Rxc2 50. Kxf4 d3 51. Rg6+ Ke7 52. Ke3 d2 53. Ke2
Rc3 1/2-1/2

[Event "TCh-POL Ekstraliga 2018"]
[Site "Poland POL"]
[Date "2018.06.08"]
[Round "1.5"]
[Board "5"]
[White "Luch, Michal"]
[Black "Mikrut, Dariusz"]
[Result "1-0"]
[WhiteTitle "IM"]
[BlackTitle "IM"]
[WhiteElo "2395"]
[BlackElo "2379"]
[WhiteTeam "Bialy Krol Wisznia Mala"]
[BlackTeam "TS Wisla Krakow"]
[WhiteFideId "1120042"]
[BlackFideId "1112791"]
[EventDate "2018.06.08"]

1. c4 Nf6 2. Nc3 e6 3. e4 e5 4. f4 d6 5. d3 Be7 6. Nf3 Nbd7 7. Be2 c6 8. O-O a6
9. d4 O-O 10. Kh1 exd4 11. Nxd4 Nc5 12. Bf3 a5 13. b3 Re8 14. Ba3 Qb6 15. Qd2
Bf8 16. Rae1 a4 17. b4 Ne6 18. Nf5 Qc7 19. g3 g6 20. Ne3 Qb6 21. Qf2 Bg7 22. c5
dxc5 23. bxc5 Qa5 24. Rc1 Qa6 25. e5 Nd7 26. Ne4 Nd4 27. Nd6 Rd8 28. Be4 Nf8 29.
Nec4 Nb5 30. Nxb5 Qxb5 31. Nd6 Qa5 32. Rb1 Qc7 33. Rfd1 f6 34. exf6 Bxf6 35. Qc2
Qe7 36. Re1 Qg7 37. Bf3 h5 38. Qc4+ Kh7 39. Ne8 Rxe8 40. Rxe8 Bg4 41. Re3 Bd4
42. Rd3 Bf5 43. Qxd4 Qxd4 44. Rxb7+ Qg7 45. Rxg7+ Kxg7 46. Rd4 Ne6 47. Rd7+ Kf8
48. Bxc6 Rb8 49. Bd5 Ke8 50. c6 Rb1+ 51. Kg2 Nxf4+ 52. gxf4 Bxd7 53. cxd7+ Kxd7
54. Bf7 Rb6 55. Kg3 Rc6 56. Bb4 Rf6 57. Bc4 Rf5 58. Bd3 1-0

[Event "TCh-POL Ekstraliga 2018"]
[Site "Poland POL"]
[Date "2018.06.09"]
[Round "2.1"]
[Board "1"]
[White "Mista, Aleksander"]
[Black "Klekowski, Maciej"]
[Result "1-0"]
[WhiteTitle "GM"]
[BlackTitle "IM"]
[WhiteElo "2599"]
[BlackElo "2509"]
[WhiteTeam "KSz Miedz Legnica"]
[BlackTeam "TS Wisla Krakow"]
[WhiteFideId "1110381"]
[BlackFideId "1132717"]
[EventDate "2018.06.08"]

1. e4 e5 2. Nf3 Nc6 3. Bb5 Nf6 4. d3 Bc5 5. c3 O-O 6. Bg5 h6 7. Bh4 g5 8. Bg3 d6
9. O-O Bg4 10. Nbd2 Nh5 11. Kh1 Qf6 12. Bxc6 bxc6 13. Qa4 Bd7 14. d4 exd4 15. e5
Qe6 16. cxd4 Bb6 17. Rae1 Qd5 18. Ne4 f5 19. Nc3 Qf7 20. exd6 Nxg3+ 21. fxg3
cxd6 22. Qa3 Qf6 23. d5 c5 24. Qa6 Rae8 25. a4 Qd8 26. Nd2 Rxe1 27. Rxe1 Re8 28.
Rf1 Bc8 29. Qd3 Qf6 30. Qb5 Qe7 31. Nc4 Bc7 32. h3 Rf8 33. Qb3 a6 34. Qc2 Kg7
35. Nd1 Bd7 36. b3 Qf6 37. Nde3 Qg6 38. Qb2+ Qf6 39. Qe2 Qc3 40. Rf3 Qa1+ 41.
Kh2 Qd4 42. Qf1 Qe4 43. Nd2 Qd4 44. Ndc4 Qe4 45. Qa1+ Kg8 46. Nd2 Qe7 47. Qb1
Qf6 48. Qf1 Qe5 49. Qxa6 f4 50. Qf1 Qb2 51. Nec4 Qd4 52. Qd3 Qf6 53. gxf4 gxf4
54. Ne4 Qe7 55. Nexd6 Qg7 56. Ne4 Bd8 57. d6 Rf5 58. g4 fxg3+ 59. Rxg3 Bg5 60.
Nxg5 hxg5 61. Rf3 Qf6 62. Rxf5 Bxf5 63. Qe3 Be6 64. Ne5 Kf8 65. a5 Ke8 66. a6
Kd8 67. Nc6+ Kd7 68. a7 Qb2+ 69. Kg3 Qa3 70. Qf3 Qa1 71. Nb8+ Kxd6 72. a8=Q Qe5+
73. Kg2 Bd5 74. Qaxd5+ Qxd5 75. Qxd5+ Kxd5 1-0

[Event "TCh-POL Ekstraliga 2018"]
[Site "Poland POL"]
[Date "2018.06.09"]
[Round "2.1"]
[Board "2"]
[White "Matuszewski, Michal"]
[Black "Kempinski, Robert"]
[Result "0-1"]
[WhiteTitle "IM"]
[BlackTitle "GM"]
[WhiteElo "2505"]
[BlackElo "2575"]
[WhiteTeam "TS Wisla Krakow"]
[BlackTeam "KSz Miedz Legnica"]
[WhiteFideId "1129775"]
[BlackFideId "1105663"]
[EventDate "2018.06.08"]

1. d4 Nf6 2. Nf3 g6 3. g3 d5 4. Bg2 Bg7 5. O-O O-O 6. Bf4 c5 7. dxc5 Nbd7 8. Nc3
Nxc5 9. Qc1 Nfe4 10. Bh6 Nxc3 11. bxc3 Ne4 12. Bxg7 Kxg7 13. c4 dxc4 14. Qf4 Nf6
15. e4 Be6 16. Ng5 Rc8 17. Rad1 Qc7 18. e5 Ng8 19. Nxe6+ fxe6 20. Qg4 Qxe5 21.
Rde1 Nf6 22. Rxe5 Nxg4 23. Rxe6 Rc7 24. Rb1 Rb8 25. a4 Nf6 26. Kf1 Ne8 27. h4
Kf8 28. g4 Nd6 29. Bf3 b5 30. c3 a6 31. Kg2 Rc5 32. Kg3 a5 33. axb5 Rbxb5 34.
Rbe1 Rc7 35. Kf4 a4 36. Ra1 Ra5 37. Re5 Rca7 38. Bd1 a3 39. Rxa5 Rxa5 40. Ke3
Re5+ 41. Kd4 Re1 42. f3 h5 43. Kc5 hxg4 44. fxg4 Ne4+ 45. Kxc4 Nf2 46. h5 Rxd1
47. Rxa3 Nxg4 48. hxg6 Ne5+ 49. Kb4 Nxg6 50. c4 Ne5 51. Re3 Nd7 52. Kb5 Ke8 53.
Re6 Rb1+ 0-1

[Event "TCh-POL Ekstraliga 2018"]
[Site "Poland POL"]
[Date "2018.06.09"]
[Round "2.1"]
[Board "3"]
[White "Bobras, Piotr"]
[Black "Tomczak, Mikolaj"]
[Result "0-1"]
[WhiteTitle "GM"]
[BlackTitle "FM"]
[WhiteElo "2499"]
[BlackElo "2418"]
[WhiteTeam "KSz Miedz Legnica"]
[BlackTeam "TS Wisla Krakow"]
[WhiteFideId "1106880"]
[BlackFideId "1175114"]
[EventDate "2018.06.08"]

1. e4 e5 2. Nf3 Nc6 3. Bb5 a6 4. Ba4 Nf6 5. O-O Nxe4 6. d4 b5 7. Bb3 d5 8. dxe5
Be6 9. Nbd2 Be7 10. c3 Nc5 11. Bc2 d4 12. Nb3 d3 13. Bb1 Nxb3 14. axb3 Bf5 15.
Re1 O-O 16. h3 Qd7 17. b4 Rfd8 18. g4 Be6 19. Re3 Bxg4 20. hxg4 Qxg4+ 21. Kf1
Bg5 22. Bxd3 Bxe3 23. Bxe3 Rxd3 24. Qxd3 Qxf3 25. Qxb5 Nd4 0-1

[Event "TCh-POL Ekstraliga 2018"]
[Site "Poland POL"]
[Date "2018.06.09"]
[Round "2.1"]
[Board "4"]
[White "Druska, Juraj"]
[Black "Kriebel, Tadeas"]
[Result "0-1"]
[WhiteTitle "IM"]
[BlackTitle "IM"]
[WhiteElo "2439"]
[BlackElo "2487"]
[WhiteTeam "TS Wisla Krakow"]
[BlackTeam "KSz Miedz Legnica"]
[WhiteFideId "14915650"]
[BlackFideId "330027"]
[EventDate "2018.06.08"]

1. e4 d6 2. d4 g6 3. f4 Bg7 4. Nf3 c5 5. d5 Nf6 6. Nc3 O-O 7. Bd3 b5 8. Nxb5 c4
9. Bxc4 Nxe4 10. c3 Nd7 11. O-O Ba6 12. Re1 Ndf6 13. a4 Qc8 14. Qd4 Nc5 15. Rxe7
Qd8 16. Re1 Qb6 17. Kh1 Rae8 18. Rxe8 Rxe8 19. Qg1 Re4 20. Nfd4 Nh5 21. Bd2 Nxf4
22. Re1 Bxb5 23. axb5 Be5 24. b4 Rxe1 25. Qxe1 Ncd3 26. Qe3 Nb2 27. Bb3 Nfd3 28.
Bc2 Nxb4 29. cxb4 Nc4 30. Qd3 Nxd2 31. Qxd2 Bxd4 32. Qd3 Be5 33. Qe2 Qd4 34. Qd1
Qxb4 35. Bd3 Kg7 36. g3 h5 37. Be2 h4 38. Kg2 Qe4+ 39. Bf3 Qf5 40. Qe2 Qg5 41.
Qf2 hxg3 42. hxg3 Kh6 43. Be2 Qd2 44. Bf3 Qa5 45. Be2 Kg7 46. Bd3 Qa4 47. Qf3
Qa2+ 48. Kh3 Bd4 49. Bf1 Qd2 50. Qf4 Qxf4 51. gxf4 f5 52. Kg3 Be3 53. Kf3 Bc1
54. Bh3 Kf6 55. Kg3 Ke7 56. Bf1 Kd8 57. b6 axb6 58. Bb5 Ke7 59. Kf3 Kf6 0-1

[Event "TCh-POL Ekstraliga 2018"]
[Site "Poland POL"]
[Date "2018.06.09"]
[Round "2.1"]
[Board "5"]
[White "Murdzia, Piotr"]
[Black "Mikrut, Dariusz"]
[Result "0-1"]
[WhiteTitle "IM"]
[BlackTitle "IM"]
[WhiteElo "2414"]
[BlackElo "2379"]
[WhiteTeam "KSz Miedz Legnica"]
[BlackTeam "TS Wisla Krakow"]
[WhiteFideId "1105671"]
[BlackFideId "1112791"]
[EventDate "2018.06.08"]

1. c4 Nf6 2. Nc3 g6 3. g3 Bg7 4. Bg2 O-O 5. d4 c6 6. Nf3 d6 7. O-O Bf5 8. Ne1
Be6 9. d5 cxd5 10. cxd5 Bd7 11. h3 a5 12. Nd3 a4 13. a3 Qa5 14. Bd2 Na6 15. Rc1
Rfc8 16. e4 Nc5 17. Nxc5 Rxc5 18. Be3 Rc4 19. Re1 Be8 20. Bf1 Rcc8 21. Bd4 Nd7
22. Bxg7 Kxg7 23. Qd4+ f6 24. f4 Rc5 25. Re3 Qb6 26. Rc2 Rc7 27. Rd2 Qxd4 28.
Rxd4 Nc5 29. Rb4 Nb3 30. Kf2 Kf7 31. Be2 Nc5 32. h4 Bd7 33. Rb6 Be8 34. Ke1 Ra5
35. Rb4 Bd7 36. Kf2 Be8 37. Ke1 Bd7 38. Bf1 Kf8 39. Rb6 Kf7 40. Be2 Be8 41. Bd1
Nd7 42. Rb4 Nc5 43. Bc2 Na6 44. Rb6 Nc5 45. Kd2 Nd7 46. Rb4 Nc5 47. Ne2 Na6 48.
Rb6 f5 49. Nc3 fxe4 50. Rxe4 Nc5 51. Rc4 Bd7 52. Ke3 Rc8 53. Bd1 h6 54. Rd4 Rca8
55. Rd2 R5a6 56. Rb4 Ra5 57. g4 Re8 58. Kf2 Rc8 59. Be2 Rc7 60. Rd1 Rc8 61. Rh1
Rg8 62. Rg1 Rf8 63. Rg3 Re8 64. Re3 Rf8 65. Kg3 Rb8 66. Rb6 Be8 67. g5 hxg5 68.
hxg5 Bd7 69. Bf1 Rh8 70. Bg2 Bf5 71. Re1 Ra6 72. Rxa6 bxa6 73. Rh1 Rb8 74. Rh7+
Kg8 75. Rxe7 Rxb2 76. Nd1 Rb3+ 77. Ne3 Kf8 0-1

[Event "TCh-POL Ekstraliga 2018"]
[Site "Poland POL"]
[Date "2018.06.09"]
[Round "2.1"]
[Board "6"]
[White "Leks, Maria"]
[Black "Sliwicka, Alicja"]
[Result "0-1"]
[WhiteTitle "WCM"]
[BlackTitle "WFM"]
[WhiteElo "2145"]
[BlackElo "2274"]
[WhiteTeam "TS Wisla Krakow"]
[BlackTeam "KSz Miedz Legnica"]
[WhiteFideId "1134957"]
[BlackFideId "1150677"]
[EventDate "2018.06.08"]

1. d4 Nf6 2. Bf4 g6 3. e3 Bg7 4. Nf3 O-O 5. Be2 d5 6. Nbd2 c5 7. c3 Nc6 8. O-O
Qb6 9. Qb3 c4 10. Qa3 Nh5 11. Bg5 Re8 12. b3 cxb3 13. axb3 h6 14. Bh4 g5 15. Bg3
Nxg3 16. hxg3 Bg4 17. c4 dxc4 18. bxc4 e5 19. Rab1 Qa5 20. Qxa5 Nxa5 21. d5 Rac8
22. e4 Bf8 23. Rfc1 b6 24. Nf1 Bc5 25. N1h2 Bd7 26. Nd2 Kg7 27. Bg4 Bxg4 28.
Nxg4 h5 29. Ne3 Bxe3 30. fxe3 Rc5 31. Rb5 Rec8 32. Rxc5 Rxc5 33. Ra1 Kf6 34. Ra4
Rc8 35. Kf2 Ke7 36. Ke2 Kd6 37. Kd3 Ra8 38. Ra1 Nb7 39. Rf1 Nc5+ 40. Kc3 Ke7 41.
Rh1 Rh8 42. Ra1 a5 43. Rb1 g4 44. Kc2 Rh6 45. Rh1 Kf6 46. Rf1+ Kg6 47. Rb1 Kg5
48. Rf1 Rf6 49. Rxf6 Kxf6 50. Kb2 Kg5 51. Nb3 Nxe4 52. c5 Nxc5 53. Nd2 b5 54.
Kc3 Kf6 55. e4 Ke7 56. Kc2 Kd6 57. Kb2 f5 58. exf5 Kxd5 59. Kc3 b4+ 60. Kb2 e4
61. Nf1 Kd4 62. f6 e3 0-1

[Event "TCh-POL Ekstraliga 2018"]
[Site "Poland POL"]
[Date "2018.06.09"]
[Round "2.2"]
[Board "1"]
[White "Piorun, Kacper"]
[Black "Kuzmicz, Krystian"]
[Result "1/2-1/2"]
[WhiteTitle "GM"]
[BlackTitle "IM"]
[WhiteElo "2631"]
[BlackElo "2460"]
[WhiteTeam "KSz Stilon Gorzow Wlkp."]
[BlackTeam "Bialy Krol Wisznia Mala"]
[WhiteFideId "1130420"]
[BlackFideId "1119125"]
[EventDate "2018.06.08"]

1. e4 e5 2. Nf3 Nf6 3. Nxe5 d6 4. Nf3 Nxe4 5. c4 c6 6. Nc3 Nf6 7. d4 Be7 8. h3
Bf5 9. Be2 h6 10. O-O O-O 11. Nh4 Be6 12. Bd3 d5 13. cxd5 Nxd5 14. Nf3 Nd7 15.
Re1 N7f6 16. a3 Re8 17. Ne5 Qb6 18. Nc4 Qc7 19. Rxe6 fxe6 20. Bg6 Rf8 21. Qe2
Qd7 22. Ne5 Qd6 23. Bd2 Rad8 24. Bc2 Nxc3 25. bxc3 c5 26. Bxh6 gxh6 27. Qd3 Rf7
28. Nxf7 Kxf7 29. Qg6+ Kf8 30. Qxh6+ Ke8 31. Re1 cxd4 32. cxd4 Qd5 33. Re5 Qc4
34. Qg6+ Kd7 35. d5 Nxd5 36. Qxe6+ Kc7 37. Rxd5 Qxd5 38. Qxe7+ Rd7 39. Qe3 a5
40. h4 Qd4 41. Qg3+ Kb6 42. h5 Rd5 43. Bg6 Rc5 44. h6 Rc3 45. Qg5 Rxa3 46. h7
Ra1+ 47. Kh2 Qxf2 48. Qd8+ Ka7 49. h8=Q Qf4+ 50. g3 Qf2+ 51. Kh3 Rh1+ 52. Kg4
Qe2+ 53. Kg5 Qe3+ 54. Kg4 Qe2+ 55. Kg5 Qe3+ 1/2-1/2

[Event "TCh-POL Ekstraliga 2018"]
[Site "Poland POL"]
[Date "2018.06.09"]
[Round "2.2"]
[Board "2"]
[White "Brodowski, Piotr"]
[Black "Krasenkow, Michal"]
[Result "1/2-1/2"]
[WhiteTitle "IM"]
[BlackTitle "GM"]
[WhiteElo "2437"]
[BlackElo "2631"]
[WhiteTeam "Bialy Krol Wisznia Mala"]
[BlackTeam "KSz Stilon Gorzow Wlkp."]
[WhiteFideId "1124480"]
[BlackFideId "1113100"]
[EventDate "2018.06.08"]

1. c4 e5 2. g3 c6 3. Nf3 e4 4. Nd4 d5 5. cxd5 Qxd5 6. Nc2 Nf6 7. Nc3 Qh5 8. Ne3
Bc5 9. Qc2 Bxe3 10. fxe3 Qe5 11. Bg2 Bf5 12. b4 Nbd7 13. Bb2 O-O 14. O-O Qe6 15.
Qb3 Qxb3 16. axb3 Bg6 17. b5 Rfc8 18. g4 h6 19. h4 Nc5 20. Ra3 Rd8 21. g5 hxg5
22. hxg5 Nh5 23. b4 Ne6 24. bxc6 bxc6 25. Bxe4 Ng3 26. Bxc6 Rac8 27. Nd5 Nxf1
28. Kxf1 Kf8 29. b5 Rxc6 30. bxc6 Rxd5 31. Rxa7 Ke8 32. Bc3 Be4 33. Ke1 Rxg5 34.
Ra8+ Ke7 35. Ra7+ Kd6 36. d3 Bxc6 37. Rxf7 Bd7 38. e4 Rg4 39. Kf2 g6 40. Bb4+
Kc6 41. Bd2 Bc8 42. Rh7 Ng5 43. Rh2 Nf7 44. Rg2 Rxg2+ 45. Kxg2 Bg4 46. Kf2 Kb5
47. Bc3 Ka4 48. Bf6 Kb3 49. Ke3 Kc2 50. d4 Kc3 51. d5+ Kc4 52. Be7 Bd7 53. Kf4
Bh3 54. Kg3 Bc8 55. Kf4 Bb7 56. Bh4 Kc5 57. Be7+ Kb5 58. Ke3 Kc4 59. Bf6 g5 60.
Kf3 Bc8 61. Be7 Ne5+ 62. Ke3 g4 63. Bd6 Ng6 64. Bb8 Ba6 65. Ba7 Bb5 66. Bb8 Kc5
67. Bg3 Bc4 68. Bc7 Kb5 69. Bg3 Kb6 70. Bb8 Kb7 71. Bg3 Kc8 72. Bd6 Kd7 73. Bb8
Ke7 74. Bc7 Bb5 75. Kf2 Nh8 76. e5 Nf7 77. e4 Ng5 78. Kg3 Be2 79. Kf4 Nh3+ 80.
Kf5 g3 81. e6 Bb5 82. Bxg3 Ng1 83. Bf2 Ne2 84. Bc5+ Ke8 85. d6 Bc6 86. e5 Nc3
87. Kg6 Nd5 88. Ba3 Ne7+ 89. Kg5 Bd5 90. d7+ Kd8 91. Kf6 Ng8+ 92. Kf7 Nh6+ 93.
Kf6 Ng4+ 1/2-1/2

[Event "TCh-POL Ekstraliga 2018"]
[Site "Poland POL"]
[Date "2018.06.09"]
[Round "2.2"]
[Board "3"]
[White "Dragun, Kamil"]
[Black "Butkiewicz, Lukasz"]
[Result "1-0"]
[WhiteTitle "GM"]
[BlackTitle "IM"]
[WhiteElo "2601"]
[BlackElo "2449"]
[WhiteTeam "KSz Stilon Gorzow Wlkp."]
[BlackTeam "Bialy Krol Wisznia Mala"]
[WhiteFideId "1134167"]
[BlackFideId "1122428"]
[EventDate "2018.06.08"]

1. c4 c5 2. Nf3 Nc6 3. d4 cxd4 4. Nxd4 g6 5. e4 Bg7 6. Be3 d6 7. Nc3 Nf6 8. Be2
O-O 9. O-O Bd7 10. Qd2 Nxd4 11. Bxd4 Bc6 12. f3 a5 13. b3 Nd7 14. Bf2 Nc5 15.
Rac1 Qb6 16. Nb5 Rfc8 17. Rfe1 Qd8 18. Bf1 Ne6 19. Nc3 Qf8 20. g3 Bf6 21. f4 Qg7
22. Nd5 Bxd5 23. cxd5 Nf8 24. Red1 Rc3 25. Rxc3 Bxc3 26. Qd3 a4 27. e5 Ba5 28.
exd6 exd6 29. Bd4 f6 30. bxa4 Bd8 31. Qb3 Qe7 32. Bf2 Ba5 33. Rb1 b6 34. Qc4 Ra7
35. Rb3 Rc7 36. Qb5 Rc2 37. Re3 Qf7 38. Re2 Rxe2 39. Bxe2 Qe7 40. Bf1 Nd7 41.
Qe2 Qxe2 42. Bxe2 Nc5 43. Bd1 Kf7 44. Bc2 Ke7 45. Kg2 Nd7 46. Kf3 Bb4 47. Ke4
Bc5 48. Be1 Bg1 49. Kf3 f5 50. a5 bxa5 51. Bxa5 Nf6 52. Bb3 Ne4 53. h3 h5 54.
Be1 Bd4 55. g4 hxg4+ 56. hxg4 Nf6 57. g5 Ne4 58. a4 Ba7 59. a5 Nc5 60. Bc2 Kd7
61. Bf2 Bb8 62. Bxc5 dxc5 63. a6 c4 64. Bxf5+ gxf5 65. g6 c3 66. Ke2 Bxf4 67.
Kd3 1-0

[Event "TCh-POL Ekstraliga 2018"]
[Site "Poland POL"]
[Date "2018.06.09"]
[Round "2.2"]
[Board "4"]
[White "Skawinski, Arkadiusz"]
[Black "Heberla, Bartlomiej"]
[Result "1/2-1/2"]
[WhiteTitle "FM"]
[BlackTitle "GM"]
[WhiteElo "2425"]
[BlackElo "2569"]
[WhiteTeam "Bialy Krol Wisznia Mala"]
[BlackTeam "KSz Stilon Gorzow Wlkp."]
[WhiteFideId "1126415"]
[BlackFideId "1115120"]
[EventDate "2018.06.08"]

1. e4 e6 2. d4 d5 3. e5 c5 4. c3 Nc6 5. Nf3 Bd7 6. Be2 Nge7 7. Na3 Ng6 8. Nc2
Be7 9. g3 O-O 10. h4 cxd4 11. cxd4 f6 12. h5 Nh8 13. Bf4 Nf7 14. Bd3 fxe5 15.
dxe5 Qa5+ 16. Kf1 Qb6 17. Qe2 Qxb2 18. Kg2 Qb6 19. Rab1 Qc7 20. Rbe1 Bc5 21.
Bxh7+ Kxh7 22. Qd3+ Kg8 23. h6 Nxh6 24. Rxh6 Rf5 25. Nh4 Raf8 26. Nxf5 Rxf5 27.
Rh4 Ne7 28. Nd4 Bxd4 29. Qxd4 Qc4 30. Be3 Ng6 31. Qxc4 dxc4 32. Rxc4 Nxe5 33.
Rc7 Bc6+ 34. Kf1 Bf3 35. Rec1 Rh5 36. Ke1 Nd3+ 37. Kd2 Nxc1 38. Kxc1 Ra5 39. Kb2
Bd5 40. a3 Rb5+ 41. Kc2 Ra5 42. Bc5 Bc6 43. Bb4 Rf5 44. Rc8+ Kh7 45. Rf8 Be4+
46. Kd2 Rd5+ 47. Ke2 Bd3+ 48. Ke3 Bf5 49. Rc8 e5 50. Rc5 Rxc5 1/2-1/2

[Event "TCh-POL Ekstraliga 2018"]
[Site "Poland POL"]
[Date "2018.06.09"]
[Round "2.2"]
[Board "5"]
[White "Kanarek, Marcel"]
[Black "Luch, Michal"]
[Result "1-0"]
[WhiteTitle "GM"]
[BlackTitle "IM"]
[WhiteElo "2505"]
[BlackElo "2395"]
[WhiteTeam "KSz Stilon Gorzow Wlkp."]
[BlackTeam "Bialy Krol Wisznia Mala"]
[WhiteFideId "1126822"]
[BlackFideId "1120042"]
[EventDate "2018.06.08"]

1. e4 c5 2. Nf3 e6 3. d4 cxd4 4. Nxd4 Nc6 5. Nc3 Qc7 6. Be2 a6 7. O-O Nf6 8. Be3
Be7 9. f4 d6 10. Kh1 Nxd4 11. Bxd4 e5 12. Be3 exf4 13. Bxf4 Be6 14. Qd3 O-O 15.
Qg3 Rad8 16. Rad1 Qc5 17. Bh6 Ne8 18. Nd5 Bxd5 19. Rxd5 Qxc2 20. Bd3 Qxb2 21.
Rh5 f5 22. Bc4+ d5 23. Bc1 Qc2 24. Bxd5+ Rxd5 25. exd5 Qe2 26. Qf3 Qxf3 27. Rxf3
g6 28. Rhh3 Nf6 29. Ba3 Bxa3 30. Rxa3 Nxd5 31. Rhd3 Rc8 32. Kg1 Rc1+ 33. Kf2 Nf6
34. Ke2 Rg1 35. Rdb3 b5 36. Rxa6 Ne4 37. Ra7 Rxg2+ 38. Kf1 Rxh2 39. Kg1 Rc2 40.
Rxb5 Rc1+ 41. Kg2 Rc2+ 42. Kf3 Rc3+ 43. Kf4 g5+ 44. Ke5 Rc8 45. Rbb7 Re8+ 46.
Re7 Rb8 47. Kxf5 Nd6+ 48. Kxg5 h6+ 49. Kg6 Rb6 50. Rg7+ Kf8 51. Kh7 1-0